Developmental Guidance and Counseling: A Practical Approach (Record no. 25317)

MARC details
000 -LEADER
fixed length control field 00738nam a22002177a 4500
003 - CONTROL NUMBER IDENTIFIER
control field OSt
005 - DATE AND TIME OF LATEST TRANSACTION
control field 20260629114713.0
008 - FIXED-LENGTH DATA ELEMENTS--GENERAL INFORMATION
fixed length control field 260629b |||||||| |||| 00| 0 eng d
020 ## - INTERNATIONAL STANDARD BOOK NUMBER
International Standard Book Number 0932796761
040 ## - CATALOGING SOURCE
Transcribing agency Chuka University Library
050 ## - LIBRARY OF CONGRESS CALL NUMBER
Classification number LB 1027.5
Item number .M97 1997
100 ## - MAIN ENTRY--PERSONAL NAME
Personal name Myrick Robert D.
9 (RLIN) 31413
245 ## - TITLE STATEMENT
Title Developmental Guidance and Counseling: A Practical Approach
250 ## - EDITION STATEMENT
Edition statement 3rd ed.
260 ## - PUBLICATION, DISTRIBUTION, ETC.
Place of publication, distribution, etc. Minneapolis
Name of publisher, distributor, etc. Educational Media Corporation
Date of publication, distribution, etc. 1997
300 ## - PHYSICAL DESCRIPTION
Extent x 406 pages
650 ## - SUBJECT ADDED ENTRY--TOPICAL TERM
Topical term or geographic name entry element Educational Counselling...United States...Handbook ,Manuals
9 (RLIN) 31414
650 ## - SUBJECT ADDED ENTRY--TOPICAL TERM
Topical term or geographic name entry element Counselling...United States...Handbook, Manuals
9 (RLIN) 31415
650 ## - SUBJECT ADDED ENTRY--TOPICAL TERM
Topical term or geographic name entry element Developmental Psychology....United States
9 (RLIN) 31416
942 ## - ADDED ENTRY ELEMENTS (KOHA)
Source of classification or shelving scheme Library of Congress Classification
Koha item type Long Loan Books
Suppress in OPAC No
Holdings
Withdrawn status Lost status Source of classification or shelving scheme Damaged status Not for loan Collection Home library Current library Shelving location Date acquired Source of acquisition Cost, normal purchase price Total Checkouts Full call number Barcode Date last seen Price effective from Koha item type
    Library of Congress Classification     General Collection Books Main Campus Library Main Campus Library General Stacks 29/06/2026 Donation from Books for Africa 1164.42   LB 1027.5 .M97 1997 35968/2026 29/06/2026 29/06/2026 Long Loan Books

Powered by Koha